[Event "SVK-chT3B2 1516"]
[Site "Slovakia"]
[Date "2015.12.13"]
[Round "4.2"]
[White "Geschwandtner, Juraj"]
[Black "Mikus, Teodor"]
[Result "0-1"]
[WhiteElo "1884"]
[BlackElo "1898"]
[PlyCount "146"]
[EventDate "2015.10.11"]
[EventType "team-tourn"]
[EventRounds "11"]
[EventCountry "SVK"]
[SourceTitle "CBM 170 Extra"]
[Source "ChessBase"]
[SourceDate "2016.02.25"]
[SourceVersion "1"]
[SourceVersionDate "2016.02.25"]
[SourceQuality "1"]
[WhiteTeam "Handlova"]
[BlackTeam "Prievidza II"]
[WhiteTeamCountry "SVK"]
[BlackTeamCountry "SVK"]

1. d4 Nf6 2. c4 d5 3. Nf3 dxc4 4. Qa4+ Nbd7 5. Nc3 c6 6. Qxc4 Nb6 7. Qd3 Bg4 8. Ne5 Bh5 9. e4 Nfd7 10. Nxd7 Qxd7 11. Be3 Bg6 12. Qd2 e6 13. Bd3 Bd6 14. 0-0 0-0 15. f4 h6 16. h3 Rad8 17. Rad1 f5 18. e5 Bb4 19. Qc1 Bh5 20. Be2 Bxe2 21. Nxe2 Nd5 22. a3 Ba5 23. Bf2 Rc8 24. b4 Bb6 25. Qd2 Ne7 26. Qa2 Kf7 27. Qb3 Qd5 28. Qc2 Rg8 29. h4 Qd8 30. Qd3 Nd5 31. Qf3 g6 32. g4 fxg4 33. Qxg4 h5 34. Qf3 Ne7 35. Nc3 Nf5 36. Ne4 Qd5 37. Qg2 Bd8 38. Ng5+ Bxg5 39. Qxg5 Qd8 40. Kh2 Qxg5 41. fxg5 Rgd8 42. Kg2 Rd5 43. Kf3 a5 44. Rb1 b5 45. Ke4 Ke7 46. Rfd1 Ra8 47. Rbc1 axb4 48. axb4 Ra2 49. Be1 Kd7 50. Ra1 Rxa1 51. Rxa1 Rxd4+ 52. Kf3 Kc7 53. Bf2 Rxb4 54. Ra7+ Kb8 55. Rf7 Nxh4+ 56. Kg3 Rg4+ 57. Kh3 Nf5 58. Rf6 Rxg5 59. Rxe6 Kc7 60. Bc5 Rg3+ 61. Kh2 g5 62. Rf6 Rc3 63. Bb4 Rc2+ 64. Kg1 Nd4 65. Ba5+ Kb7 66. e6 Nxe6 67. Rxe6 g4 68. Bd8 b4 69. Be7 c5 70. Re5 b3 71. Re3 c4 72. Bf6 Kc6 73. Rc3 Rxc3 0-1

[Event "SVK-chT3B2 1415"]
[Site "Slovakia"]
[Date "2015.04.26"]
[Round "9.2"]
[White "Mikus, Teodor"]
[Black "Urbanic, Martin"]
[Result "1-0"]
[WhiteElo "1895"]
[BlackElo "1934"]
[PlyCount "75"]
[EventDate "2014.10.05"]
[EventType "team-tourn"]
[EventRounds "14"]
[EventCountry "SVK"]
[SourceTitle "EXT 2019"]
[Source "ChessBase"]
[SourceDate "2018.10.10"]
[SourceVersion "1"]
[SourceVersionDate "2018.10.10"]
[SourceQuality "1"]

1. e4 e5 2. Nf3 Nc6 3. Bc4 Bc5 4. c3 Nf6 5. d3 d6 6. Bg5 0-0 7. h3 Be6 8. Nbd2 Qe7 9. a4 a5 10. Qe2 Rfe8 11. 0-0 Bxc4 12. Nxc4 Qe6 13. Ne3 h6 14. Bxf6 Qxf6 15. Nd5 Qd8 16. Nh2 Ne7 17. Ne3 c6 18. Rab1 d5 19. Nf3 Qc7 20. Rfc1 Rad8 21. b4 dxe4 22. dxe4 axb4 23. cxb4 Bxe3 24. Qxe3 f6 25. b5 Qa5 26. bxc6 bxc6 27. Qb3+ Kh7 28. Qf7 Ng6 29. Rb7 Rg8 30. Rxc6 Qxa4 31. Rxf6 Qxe4 32. Rbb6 Rd1+ 33. Kh2 Rf8 34. Qxg6+ Qxg6 35. Rxg6 e4 36. Nh4 Rxf2 37. Rb7 h5 38. Rgxg7+ 1-0

[Event "SVK-chT1W 1415"]
[Site "Slovakia"]
[Date "2015.03.14"]
[Round "10.6"]
[White "Kalisky, Vladimir"]
[Black "Mikus, Teodor"]
[Result "1-0"]
[WhiteElo "2268"]
[BlackElo "1895"]
[PlyCount "43"]
[EventDate "2014.10.18"]
[EventType "team-tourn"]
[EventRounds "11"]
[EventCountry "SVK"]
[SourceTitle "EXT 2016"]
[Source "ChessBase"]
[SourceDate "2015.10.08"]
[SourceVersion "1"]
[SourceVersionDate "2015.10.08"]
[SourceQuality "1"]
[WhiteTeam "Nitra NSK"]
[BlackTeam "Prievidza SK"]
[WhiteTeamCountry "SVK"]
[BlackTeamCountry "SVK"]

1. e4 c5 2. Nf3 Nc6 3. d4 cxd4 4. Nxd4 d6 5. Nc3 Nf6 6. Be3 Ng4 7. Bg5 Bd7 8. Be2 Nf6 9. 0-0 a6 10. Kh1 e6 11. f4 Be7 12. Bf3 0-0 13. Qd2 Ne8 14. Bxe7 Qxe7 15. Rad1 Nxd4 16. Qxd4 Bc6 17. e5 Bxf3 18. Rxf3 d5 19. f5 Rc8 20. f6 Qc5 21. Qh4 g6 22. Qh6 1-0

[Event "SVK-chT1W 1415"]
[Site "Slovakia"]
[Date "2014.11.29"]
[Round "3.3"]
[White "Mikus, Teodor"]
[Black "Mydlarik, Martin"]
[Result "1/2-1/2"]
[WhiteElo "1895"]
[BlackElo "2138"]
[PlyCount "45"]
[EventDate "2014.10.18"]
[EventType "team-tourn"]
[EventRounds "11"]
[EventCountry "SVK"]
[SourceTitle "EXT 2016"]
[Source "ChessBase"]
[SourceDate "2015.10.08"]
[SourceVersion "1"]
[SourceVersionDate "2015.10.08"]
[SourceQuality "1"]
[WhiteTeam "Prievidza SK"]
[BlackTeam "Modra"]
[WhiteTeamCountry "SVK"]
[BlackTeamCountry "SVK"]

1. e4 e6 2. d4 d5 3. e5 c5 4. c3 Nc6 5. Nf3 Qb6 6. Be2 cxd4 7. cxd4 Nge7 8. Nc3 Nf5 9. Bb5 Bd7 10. Bxc6 bxc6 11. 0-0 h5 12. Na4 Qb5 13. b3 Bc8 14. Qc2 Ba6 15. Be3 Rc8 16. Rfd1 Nxe3 17. fxe3 c5 18. dxc5 Bxc5 19. Nxc5 Rxc5 20. Qd2 0-0 21. Rac1 Rfc8 22. Rxc5 Qxc5 23. Kf2 1/2-1/2

[Event "SVK-chT3B2 1415"]
[Site "Slovakia"]
[Date "2014.10.26"]
[Round "2.1"]
[White "Mikus, Teodor"]
[Black "Mego, Peter"]
[Result "1-0"]
[WhiteElo "1895"]
[BlackElo "1783"]
[PlyCount "83"]
[EventDate "2014.10.05"]
[EventType "team-tourn"]
[EventRounds "14"]
[EventCountry "SVK"]
[SourceTitle "EXT 2019"]
[Source "ChessBase"]
[SourceDate "2018.10.10"]
[SourceVersion "1"]
[SourceVersionDate "2018.10.10"]
[SourceQuality "1"]

1. e4 e6 2. d4 d5 3. e5 c5 4. c3 Nc6 5. Nf3 cxd4 6. cxd4 Bb4+ 7. Nc3 Nge7 8. Bd3 Nf5 9. Bc2 Qb6 10. Be3 Nxe3 11. fxe3 h6 12. 0-0 Bxc3 13. bxc3 Ne7 14. Nh4 Bd7 15. Kh1 Rf8 16. a4 Qa5 17. Qd3 g6 18. Bb3 b5 19. axb5 Qxb5 20. c4 Qb7 21. Rfb1 Qc7 22. cxd5 Nxd5 23. Rc1 Qd8 24. Nf3 a6 25. Qd2 g5 26. e4 Nf4 27. d5 f5 28. exf5 Rxf5 29. Bc2 Rf8 30. Be4 exd5 31. Bxd5 Be6 32. Bc6+ Kf7 33. Bxa8 Qxd2 34. Nxd2 Rxa8 35. Rc7+ Kg6 36. Rc6 Kf5 37. Raxa6 Rxa6 38. Rxa6 Kxe5 39. Kg1 h5 40. g3 Nd5 41. Nf3+ Kf6 42. Nxg5 1-0